000 00685cam a2200217 4500500
005 20260405002006.0
041 _afre
042 _adc
100 1 0 _aPersonne, Thomas
_eauthor
245 0 0 _aJean-Claude Fondras : “La médecine n’a pas fait disparaître la dimension tragique de la vie”
260 _c2015.
500 _a89
690 _aÂme
690 _aCorps
690 _aJean-Claude Fondras
690 _aMédecine
690 _aordonnance
690 _aSanté
786 0 _nPhilosophie magazine | 90 | 6 | 2015-06-01 | p. 26-27 | 1951-1787
856 4 1 _uhttps://shs.cairn.info/magazine-philosophie-magazine-2015-6-page-26?lang=fr&redirect-ssocas=7080
999 _c2053082
_d2053082